000 00498nam a2200181Ia 4500
005 20250326141853.0
008 250326s9999 xx 000 0 und d
037 _aTextbook
040 _aFMSL
_beng
_cFMSL
041 _aeng
_2eng
084 _aX:51:f M9
_qFMSL
100 _aBeri G C
245 0 _aMarketing Research Text and cases
_cBeri G C
260 _aNew Delhi
_bNew Delhi, Tata Mc Graw Hill
_c1989
300 _a401p
942 _cTB
_hX:51:f M9
999 _c1292371
_d1292371